Cartilla de educación cívica: elementos de derecho público i de economía política para el uso de las escuelas superiores i normales de la república
Guardat en:
| Autor principal: | |
|---|---|
| Format: | Llibre |
| Idioma: | espanyol |
| Publicat: |
Santiago
Imprenta Universo
1923
|
| Matèries: | |
| Etiquetes: |
Afegir etiqueta
Sense etiquetes, Sigues el primer a etiquetar aquest registre!
|
MARC
| LEADER | 00000nam a2200000 a 4500 | ||
|---|---|---|---|
| 001 | UCH2664 | ||
| 003 | CL-VaPUC | ||
| 008 | 090624e19230000CL |||||||||||||||||spa|d | ||
| 082 | 0 | 4 | |a 372.832 |b CON |2 21 |
| 100 | 0 | |a Concha, Malaquías |e author |9 508954 | |
| 245 | 1 | 0 | |a Cartilla de educación cívica: elementos de derecho público i de economía política para el uso de las escuelas superiores i normales de la república |
| 300 | |a 185 p | ||
| 942 | |c BK | ||
| 945 | |d 20090624 00:00:00 |a rbrito | ||
| 260 | |a Santiago |b Imprenta Universo |c 1923 | ||
| 650 | 0 | |a Educación cívica |9 314665 | |
| 650 | 0 | |a Constitución política |9 336925 | |
| 650 | 0 | |a Derecho constitucional |9 222588 | |
| 583 | |a last modification |c 20131001 03:58:27 |k Rodrigo Vera | ||
| 999 | |c 334380 |d 334378 | ||
| 952 | |0 0 |1 0 |4 0 |6 372_832000000000000_CON_1923 |7 0 |8 X |9 423370 |a FDOBUD |b FDOBUD |d 2019-11-22 |i 4558243 |o 372.832 CON 1923 |p 4558243 |r 2019-11-22 |w 2019-11-22 |y BK_X |k BUD | ||